000 01153nam a22003737a 4500
003 CHAP
005 20220817044149.0
008 070507d2005 it rn 00110 eng d
010 _a93615
011 _a94587
020 _a92 5 105423 1
035 _a105182
040 _cCHAP
082 0 4 _a589.95
_bF3 v.8
110 2 _aFAO
245 1 0 _aRisk assessment of Vibro vulnificus in raw oysters :
_binterpretative summary and technical report
_c/by FAO
260 _aRome:
_bFAO,
_c2005.
300 _a114 p.
410 2 0 _aFAO
490 0 _aEvaluación de riesgos microbiológicos
_v; 8
590 _aBATCH-UPD
_b10
_c20130110
_lUCH01
_h1446
590 _aBATCH-UPD
_b10
_c20130410
_lUCH01
_h0915
590 _aBATCH-UPD
_b10
_c20130914
_lUCH01
_h0213
590 _aCONVERSION
_b10
_c20130109
_lUCH01
_h1352
650 1 4 _aAlimentos
_xContaminación.
_94205
650 1 4 _aOstión.
_984272
650 1 4 _aVibrio vulnificus.
_9119048
810 0 _aFAO
830 0 _aEvaluación de riesgos microbiológicos
_v; 8
_938914
901 _aBK
905 _aLilia
942 _cLIBRO
949 _a589.95 F3 v.8
_bBC
_cFAO
_d33724002029108
_eFAO1
_h108629
_i105182
_sb
999 _c93615
_d93615